|
|
|
|
| LEADER |
00932nam a2200241 a 4500 |
| 001 |
1580301 |
| 008 |
111124s1994 nyu b 001 0 eng |
| 010 |
|
|
|a 93036894
|
| 020 |
|
|
|a 0471006580 (cloth : acid-free paper)
|
| 040 |
|
|
|a DLC
|c DLC
|d DLC
|d BD-DhAAL
|
| 050 |
0 |
0 |
|a HD7101
|b .M32 1994
|
| 082 |
0 |
0 |
|a 658.3/254
|2 20
|
| 100 |
1 |
|
|a McDaniel, Charlotte Jane.
|
| 245 |
1 |
0 |
|a Health care benefits problem solver for human resource professionals and managers /
|c Charlotte McDaniel.
|
| 260 |
|
|
|a New York :
|b Wiley,
|c c1994.
|
| 300 |
|
|
|a xv, 302 p. ;
|c 24 cm.
|
| 504 |
|
|
|a Includes bibliographical references and index.
|
| 541 |
|
|
|e 00007703
|
| 650 |
|
0 |
|a Health insurance.
|
| 650 |
|
0 |
|a Employee fringe benefits.
|
| 852 |
1 |
|
|a Ayesha Abed Library
|c General shelf.
|
| 999 |
|
|
|c 11476
|d 11476
|
| 952 |
|
|
|0 0
|1 0
|2 ddc
|4 0
|6 658_325400000000000_MCD
|7 0
|9 18649
|a BRACUL
|b BRACUL
|c GEN
|d 2011-11-23
|l 0
|o 658.3254 MCD
|p 3010007703
|r 2011-11-23
|t 1
|w 2011-11-23
|y BK
|